Love and Deepspace Men by Picture - Statistics

General Stats
  • This quiz has been taken 51 times
  • The average score is 5 of 5
Answer Stats
Picture Answer % Correct
Xavier / 沈星回
100%
Sylus / 秦彻
93%
Zayne / 黎深
93%
Rafayel / 祁煜
90%
Caleb / 夏以昼
83%
No matching quizzes found
Score Distribution
Percent of People with Each Score
Percentile by Number Answered
Your Score History
You have not taken this quiz